Geografia krajów bałkańskich od A do Z #1 - Statystyki

Ogólne statystyki
  • Ten quiz został rozwiązany 67 razy
  • Średni wynik to 13 z 22
Statystyki odpowiedzi
Litera Pytanie Odpowiedź % Poprawnych
A Jaką nazwę nosi morze nad którym znajdują się wszystkie trzy kraje, których dotyczy quiz? Adriatyckie
88%
C Z jakim krajem od południa graniczy Bośnia i Hercegowina? Czarnogóra
88%
I Wyznawcami której religii jest przeszło 41% mieszkańców Bośni i Hercegowiny? Islam
82%
Z Które miasto jest stolicą Chorwacji? Zagrzeb
79%
J Od którego kraju w 1991 Chorwacja i Słowenia ogłosiły niepodległość? Jugosławia
77%
L Które miasto jest stolicą Słowenii? Lublana
77%
U Do jakiego związku państw dołączyła w 2004 Słowenia a następnie w 2013 roku Chorwacja? Unia Europejska
77%
F Z jakim krajem najczęściej kojarzy się figurę heraldyczną "kwiaty lilii" które znajdowały się w dawnym herbie Bośni i Hercegowiny? Francja
71%
W Z jakim krajem od północnego-zachodu graniczy Chorwacja? Węgry
70%
D Którą krainę geograficzną rozciągającą się przez Chorwację, Bośnię i Czarnogórę można kojarzyć z "nakrapianą" rasą psów? Dalmacja
68%
K Jaką nazwę nosiła chorwacka waluta przed wprowadzeniem Euro? Kuna
68%
G Jakie ciało niebieskie znajduje się we fladze Bośni i Hercegowiny? Gwiazda
66%
H Z jakiej dynastii pochodził arcyksiążę Franciszek Ferdynand, który zginął w zamachu w Sarajewo? Habsburgowie
63%
M Jaką nazwę ma obecna bośniacka waluta będąca niegdyś związana z kursem waluty niemieckiej (obecnie Euro)? Marka zamienna
54%
O Który organ praktycznie nie rozwija się u endemicznego płaza -odmieńca jaskiniowego, zamieszkującego rozciągające się przez te kraje góry dynarskie? Oczy
45%
E Jest nią rejon Dubrownika dla Chorwacji. Eksklawa
39%
B Które miasto jest stolicą Republiki Serbskiej, jednej z części składowych Bośni i Hercegowiny? Banja Luka
32%
S W którym bośniackim mieście doszło do masakry ludności cywilnej, przeprowadzonej przez Serbskie bojówki militarne? Srebrenica
32%
T Jaką nazwę nosi najwyższy szczyt (2648 m n.p.m.) Słowenii, znajdujący się zarówno w herbie jak i na fladze tego państwa? Triglav
32%
P W którym chorwackim mieście możemy podziwiać zachowaną od czasów starożytnego Rzymu Świątynię Augusta? Pula
30%
N Które miasto jest jedynym portem morskim Bośni i Hercegowiny? Neum
21%
R Jaką nazwę nosiła samozwańcza republika stworzona przez ludność serbską na terenie dzisiejszej Chorwacji? Republika Serbskiej Krajiny
4%
Nie znaleziono quizów pasujących do podanych kryteriów
Rozkład punktacji
Procent ludzi z każdym wynikiem
Percentyl według liczby udzielonych odpowiedzi
Twoja historia wyników
Nie rozwiązałeś tego quizu